| 000 | 01866nam a2200517 i 4500 | ||
|---|---|---|---|
| 001 | 11276 | ||
| 003 | KOSZ 005 | ||
| 005 | 20200604080715.0 | ||
| 008 | 111104s1954 pl a f |000 0 pol | ||
| 015 | _aUWD 1954/6906 | ||
| 035 | _a991008065649705066 | ||
| 035 | _a(PL-WaBN)b26776327-48omnis_nlop | ||
| 035 | _ab26776327 | ||
| 035 | _a(OCoLC)749558759 | ||
| 035 | _a(PL)b0000002677632 | ||
| 035 | _a(EXLNZ-48OMNIS_NETWORK)9910019747805606 | ||
| 040 |
_aWA N _cWA N _dKOSZ 005/HR |
||
| 041 | 1 |
_apol _hrus |
|
| 046 | _k1954 | ||
| 080 | _a624.012.4 | ||
| 080 | _a624.9 | ||
| 080 | _a692 | ||
| 100 | 1 |
_aVolyncev, Valentin Aleksandrovič _eAutor |
|
| 245 | 1 | 0 |
_aŻelbetowe kominy fabryczne : _bprojektowanie i wykonawstwo / _cW. A. Wołyncew, P. A. Andrijeszin, A. W. Czernow ; tł. Jerzy Tarczyński. |
| 246 | 1 |
_iTyt. oryg.: _aŽelezobetonnye dymovye truby |
|
| 260 |
_aWarszawa : _b"Budownictwo i Architektura", _c1954. |
||
| 300 |
_a153, [1] s. : _bil. ; _c21 cm. |
||
| 336 |
_aTekst _btxt _2rdacontent |
||
| 337 |
_aBez urządzenia pośredniczącego _bn _2rdamedia |
||
| 338 |
_aWolumin _bnc _2rdacarrier |
||
| 380 | _aKsiążki | ||
| 380 | _aPublikacje fachowe | ||
| 388 | _a1901-2000 | ||
| 388 | _a1945-1989 | ||
| 521 | _aKsiążka przeznaczona dla inżynierów i techników zatrudn. na budowach i w biurach projektów. | ||
| 650 | 7 |
_aKominy fabryczne _2DBN |
|
| 650 | 7 |
_aKonstrukcje żelbetowe _2DBN |
|
| 650 | 7 | _aProjektowanie | |
| 658 | _aArchitektura i budownictwo | ||
| 700 | 1 |
_aAndriešin, Petr Antonovič _eAutor |
|
| 700 | 1 |
_aČernov, Aleksandr Vasil'evič _eAutor |
|
| 700 | 1 |
_aTarczyński, Jerzy Wojciech _eTłumaczenie |
|
| 856 |
_uhttp://koha.tu.koszalin.pl/cgi-bin/koha/opac-detail.pl?biblionumber=11276 _yKatalog online BPK |
||
| 942 |
_2UKD _cKS |
||
| 999 |
_c11276 _d11276 |
||